000 00512nam a22001817a 4500
003 OSt
005 20190620140226.0
008 130906t xxu||||| |||| 00| 0 eng d
020 _a155185-0079
050 _aTX 724.5
_b.C737 1994
082 _aS 641.563
_bC7 1994
245 _aThe complete step-by-step cooking class cookbook/
260 _aIllinois :
_bPublication International Ltd,
_cc1994.
300 _a606 p. ;
_bill. col. ;
_c28 cm.
650 _aCookery
_912409
942 _2lcc
_cBK
999 _c10457
_d10457